<?xml version="1.0" encoding="UTF-8"?>
<record
    xmlns:xsi="http://www.w3.org/2001/XMLSchema-instance"
    xsi:schemaLocation="http://www.loc.gov/MARC21/slim http://www.loc.gov/standards/marcxml/schema/MARC21slim.xsd"
    xmlns="http://www.loc.gov/MARC21/slim">

  <leader>02561nam a2200385 a 4500</leader>
  <controlfield tag="003">CHAP</controlfield>
  <controlfield tag="005">20250129133754.0</controlfield>
  <controlfield tag="007">ta</controlfield>
  <controlfield tag="008">250129s2018    sp ad||fr|||| 001 0 spa d</controlfield>
  <datafield tag="020" ind1=" " ind2=" ">
    <subfield code="a">978-84-200-1181-3</subfield>
  </datafield>
  <datafield tag="040" ind1=" " ind2=" ">
    <subfield code="a">mxchpua</subfield>
    <subfield code="c">CHAP</subfield>
    <subfield code="e">rda</subfield>
  </datafield>
  <datafield tag="041" ind1=" " ind2=" ">
    <subfield code="a">spa</subfield>
    <subfield code="b">spa</subfield>
    <subfield code="f">spa</subfield>
    <subfield code="h">eng</subfield>
  </datafield>
  <datafield tag="050" ind1="1" ind2="0">
    <subfield code="a">TP373.3</subfield>
    <subfield code="b">.M36 2018</subfield>
  </datafield>
  <datafield tag="082" ind1="0" ind2="0">
    <subfield code="2">20</subfield>
    <subfield code="a">664.028</subfield>
    <subfield code="b">M36 2018</subfield>
  </datafield>
  <datafield tag="100" ind1="1" ind2=" ">
    <subfield code="a">Man, Dominic</subfield>
    <subfield code="9">70263</subfield>
  </datafield>
  <datafield tag="240" ind1="1" ind2="0">
    <subfield code="a">Shelf life.</subfield>
    <subfield code="l">Espa&#xF1;ol</subfield>
  </datafield>
  <datafield tag="245" ind1="1" ind2="0">
    <subfield code="a">Caducidad de los alimentos / </subfield>
    <subfield code="c">Dominic Man ; traductor Blas Borde Lekona</subfield>
  </datafield>
  <datafield tag="250" ind1=" " ind2=" ">
    <subfield code="a">2a edici&#xF3;n</subfield>
  </datafield>
  <datafield tag="264" ind1=" " ind2=" ">
    <subfield code="a">Zaragoza, Espa&#xF1;a :</subfield>
    <subfield code="b">Acribia,</subfield>
    <subfield code="c">2018</subfield>
  </datafield>
  <datafield tag="300" ind1=" " ind2=" ">
    <subfield code="a">xiii, 132 p&#xE1;ginas :</subfield>
    <subfield code="b">ilustraciones, gr&#xE1;ficas, diagramas, tablas</subfield>
  </datafield>
  <datafield tag="336" ind1=" " ind2=" ">
    <subfield code="2">rdacontent</subfield>
    <subfield code="a">texto</subfield>
    <subfield code="b">txt</subfield>
  </datafield>
  <datafield tag="337" ind1=" " ind2=" ">
    <subfield code="2">rdamedia</subfield>
    <subfield code="a">sin medio</subfield>
    <subfield code="b">n</subfield>
  </datafield>
  <datafield tag="338" ind1=" " ind2=" ">
    <subfield code="2">rdacarrier</subfield>
    <subfield code="a">volumen</subfield>
    <subfield code="b">nc</subfield>
  </datafield>
  <datafield tag="504" ind1=" " ind2=" ">
    <subfield code="a">Bibliograf&#xED;a: p&#xE1;ginas 115-127</subfield>
  </datafield>
  <datafield tag="505" ind1="0" ind2=" ">
    <subfield code="a">Prefacio --
1. Introducci&#xF3;n a la vida &#xFA;til de los alimentos: preguntas m&#xE1;s frecuentes --
2. C&#xF3;mo se deterioran y estropean los alimentos --
3. determinaci&#xF3;n de la vida &#xFA;til en la pr&#xE1;ctica --
Ep&#xED;logo --
Ap&#xE9;ndice A: el modelo de Arrhenius --
Ap&#xE9;ndice B: la f&#xB4;rmula del CIMSCEE para la seguridad y estabilidad microbiol&#xF3;gicas --
Referencias--
&#xCD;ndice alfab&#xE9;tico</subfield>
  </datafield>
  <datafield tag="520" ind1="2" ind2=" ">
    <subfield code="a">Caducidad de los alimentos de Dominic Man, ahora en una segunda edici&#xF3;n revisada y actualizada, abarca las consideraciones b&#xE1;sicas sobre la vida &#xFA;til. La Secci&#xF3;n 1 presenta la vida &#xFA;til, describe su relaci&#xF3;n con la inocuidad de los alimentos y brinda respuestas a las preguntas frecuentes sobre la determinaci&#xF3;n de la vida &#xFA;til y las pruebas, que son las principales preocupaciones del gerente. La Secci&#xF3;n 2 cubre la ciencia de las diversas formas en que los alimentos se deterioran y estropean, incluidos los cambios f&#xED;sicos, qu&#xED;micos y microbiol&#xF3;gicos. La Secci&#xF3;n 3 analiza la vida &#xFA;til en la pr&#xE1;ctica, utilizando estudios de casos de diferentes productos para ilustrar c&#xF3;mo se puede determinar la vida &#xFA;til en entornos de la vida real.

Este libro ser&#xE1; inestimable tanto para los profesionales como para los estudiantes que necesiten una visi&#xF3;n general sucinta e integral de las preocupaciones y temas de la vida &#xFA;til.</subfield>
  </datafield>
  <datafield tag="650" ind1="1" ind2="3">
    <subfield code="a">Almacenamiento de alimentos  </subfield>
    <subfield code="2">atg</subfield>
    <subfield code="9">148411</subfield>
  </datafield>
  <datafield tag="650" ind1="1" ind2="3">
    <subfield code="a">Tiempo de vida  </subfield>
    <subfield code="2">atg</subfield>
    <subfield code="9">147445</subfield>
  </datafield>
  <datafield tag="650" ind1="1" ind2="3">
    <subfield code="a">Deterioro de alimentos  </subfield>
    <subfield code="2">atg</subfield>
    <subfield code="9">156732</subfield>
  </datafield>
  <datafield tag="650" ind1="1" ind2="3">
    <subfield code="a">Food storage</subfield>
    <subfield code="2">atg</subfield>
    <subfield code="9">148413</subfield>
  </datafield>
  <datafield tag="650" ind1="1" ind2="3">
    <subfield code="a">Shelf life</subfield>
    <subfield code="2">atg</subfield>
    <subfield code="9">147444</subfield>
  </datafield>
  <datafield tag="650" ind1="1" ind2="3">
    <subfield code="a">Food spoilage  </subfield>
    <subfield code="2">atg</subfield>
    <subfield code="9">156733</subfield>
  </datafield>
  <datafield tag="700" ind1="1" ind2=" ">
    <subfield code="a">Borde Lekona, Blas</subfield>
    <subfield code="9">13843</subfield>
    <subfield code="e">traductor</subfield>
  </datafield>
  <datafield tag="942" ind1=" " ind2=" ">
    <subfield code="2">ddc</subfield>
    <subfield code="c">LIBRO</subfield>
  </datafield>
  <datafield tag="999" ind1=" " ind2=" ">
    <subfield code="c">220404</subfield>
    <subfield code="d">220404</subfield>
  </datafield>
  <datafield tag="952" ind1=" " ind2=" ">
    <subfield code="0">0</subfield>
    <subfield code="1">0</subfield>
    <subfield code="2">ddc</subfield>
    <subfield code="4">0</subfield>
    <subfield code="5">1</subfield>
    <subfield code="7">0</subfield>
    <subfield code="8">GRAL</subfield>
    <subfield code="a">IA_</subfield>
    <subfield code="b">IA_</subfield>
    <subfield code="d">2024-10-16</subfield>
    <subfield code="e">Compra Librer&#xED;a UACh F. 44563</subfield>
    <subfield code="g">816.00</subfield>
    <subfield code="i">Consumo</subfield>
    <subfield code="l">0</subfield>
    <subfield code="o">664.028 M36 2018</subfield>
    <subfield code="p">1102015215</subfield>
    <subfield code="r">2025-01-29 13:37:23</subfield>
    <subfield code="t">Ej. 1</subfield>
    <subfield code="w">2025-01-29</subfield>
    <subfield code="y">LIBRO</subfield>
  </datafield>
  <datafield tag="952" ind1=" " ind2=" ">
    <subfield code="0">0</subfield>
    <subfield code="1">0</subfield>
    <subfield code="2">ddc</subfield>
    <subfield code="4">0</subfield>
    <subfield code="5">5</subfield>
    <subfield code="7">0</subfield>
    <subfield code="8">GRAL</subfield>
    <subfield code="a">IA_</subfield>
    <subfield code="b">IA_</subfield>
    <subfield code="d">2024-10-16</subfield>
    <subfield code="e">Compra Librer&#xED;a UACh F. 44563</subfield>
    <subfield code="g">816.00</subfield>
    <subfield code="i">Consumo</subfield>
    <subfield code="l">2</subfield>
    <subfield code="o">664.028 M36 2018</subfield>
    <subfield code="p">1102015216</subfield>
    <subfield code="q">2026-06-19</subfield>
    <subfield code="r">2026-02-12 13:26:06</subfield>
    <subfield code="s">2026-02-12</subfield>
    <subfield code="t">Ej. 2</subfield>
    <subfield code="w">2025-01-29</subfield>
    <subfield code="y">LIBRO</subfield>
  </datafield>
</record>
